Výpočty pro jaderné chemiky. Obecná chemie /

Saved in:
Bibliographic Details
Main Author: Motl, Alois
Format: Book
Language:Czech
Published: Praha : České vysoké učení technické v Praze, 2004
Edition:1. vyd. Dotisk.
Subjects:
ISBN:8001022560
Online Access: Get full text
Tags: Add Tag
No Tags, Be the first to tag this record!

MARC

LEADER 00000nam a2200000 4500
003 SK-BrCVT
005 20220617213459.0
008 040504s2004 xr e ||||||cze d
020 |a 8001022560 
035 |a CVTIDW0972191 
040 |b slo  |a CVTI SR 
041 0 |a cze 
044 |a xr 
080 |a 54  |2 UDC-MRF 
080 |a 544  |2 UDC-MRF 
100 1 |a Motl, Alois 
245 1 0 |a Výpočty pro jaderné chemiky. Obecná chemie /  |c Alois Motl 
250 |a 1. vyd. Dotisk. 
260 |a Praha :  |b České vysoké učení technické v Praze,  |c 2004 
300 |a 175 s. :  |b lit., tab. ; 
500 |a Fakulta jaderná a fyzikálně inženýrská České vysoké učení technické v Praze 
653 1 |a jadrová chémia  |a oxidačné číslo  |a chemická rovnica  |a kvapalná sústava  |a plynná sústava  |a termochémia  |a reakčná kinetika 
910 |b S590621 
919 |a 80-01-02256-0 
974 |f Knihy 
992 |a ASK 
999 |c 135821  |d 135821